| 000 | 00529nam a2200217Ia 4500 | ||
|---|---|---|---|
| 003 | OSt | ||
| 005 | 20220928151422.0 | ||
| 006 | a|||||r|||| 00| 0 | ||
| 007 | ta | ||
| 008 | 220927b |||||||| |||| 00| 0 eng d | ||
| 024 | _a125730 | ||
| 037 | _cTextual | ||
| 040 |
_aSDCL _cSDCL _beng |
||
| 041 |
_2eng _aeng |
||
| 082 | _aB26, L2 | ||
| 100 |
_aMc Coy Neal H _9447599 |
||
| 245 | 0 | _aFundamentals of abstract algebra | |
| 260 | _c1972 | ||
| 942 |
_hB26, L2 _cTEXL _2CC |
||
| 999 |
_c851555 _d851555 |
||